000 01523cam a2200373 a 4500
001 EDZ0000064250
003 StDuBDS
005 20161031105149.0
006 m||||||||d||||||||
007 cr |||||||||||
008 120327s2002 enk fo| 001|0|eng d
020 _a9781446217474 (ebook) :
_cNo price
040 _aStDuBDS
_beng
_cStDuBDS
_epn
049 _aAlfaisal Main Library
050 0 _aJC311
_b.D394 2002
082 0 4 _a306.2
_223
100 1 _aDelanty, Gerard.
245 1 0 _aNationalism and social theory
_h[electronic resource] :
_bmodernity and the recalcitrance of the nation /
_cGerard Delanty and Patrick O'Mahony.
260 _aLondon :
_bSAGE,
_cc2002.
300 _a1 online resource (xvii, 207 p.).
490 1 _aNew horizons in sociology
504 _aIncludes bibliographical references and index.
520 8 _aA perennial subject for sociologists, nationalism, the focus of this study, is persistent, not merely because of its specific ideological appeal, but because it expresses some of the major conflicts in Western social development.
521 _aSpecialized.
588 _aDescription based on print version record.
650 0 _aNationalism.
655 7 _aElectronic books.
_2local
700 1 _aO'Mahony, Patrick,
_d1957-
710 2 _aSage eBooks
776 0 8 _iPrint version :
_z9780761954514
830 0 _aNew horizons in sociology.
856 4 0 _uhttp://ezproxy.alfaisal.edu/login?url=http://sk.sagepub.com/books/nationalism-and-social-theory
942 _2lcc
_cEBOOKS
999 _c480724
_d480724